00595cam a22002297a 4500003000500000005001700005008004100022010000900063011000900072035000900081040000900090082001700099100001800116245003400134260005600168300001100224490002200235500001000257650001600267710006000283830002200343CHAP20220329133509.0971013s1990 r 00010 d a7070 a8042 a7267 cCHAP a080bL6 v.3700aLinz, Juan J.13aLa quiebra de las democracias aMéxico, D.F. :bAlianza Editorial Mexicana,c1990 a169 p. 4aLos noventav; 37 a64-3614aDemocracia.0 aConsejo Nacional para la Cultura y las Artes. México. 4aLos noventav; 37